01465cam a2200289 a 45000010009000000050017000090080041000260100015000670200031000820200028001130400028001410820020001691000026001892450110002152600053003253000035003785000024004135040041004375050399004786500035008776500036009126530025009486550024009739420020009979990017010179520141010341738802920141215140139.0120716t2013 xxua frb 001 0 eng d a2012026524 a9780071782920 (alk. paper) a0071782923 (alk. paper) aDLCcDLCdDLCdEG-ScBUE00a332.45222bPAZ1 aPaz, Javier H.93693014aThe Forex trading manual :bthe rules-based approach to making money trading currencies /cJavier H. Paz. aNew York, United States :bMcGraw-Hill,cc.2013. aviii, 227 p. :bill. ;c24 cm. aIndex : p. 219-227. aIncludes bibliographical references.0 aIntroduction-Similarities between driving and trading-Important terminology in forex trading-Securing a trader's permit-The trading simulator-Technical analysis-Fundamental analysis-Your first trading strategy-Following your trading plan-Mental conditioning-Trading resources-Maximizing profitable trades-Final thoughts-Appendix A : How to open a practice account-Appendix B : Trade size table. 0aForeign exchange market934056 0aForeign exchange futures936574 bBUSADMcDecember2014 vreading book934232 2ddck332.45 PAZ c18778d18750 00102ddc40708BaccahaMAINbMAINc1STd2014-12-15epurchaseg161.00h20677l0o332.45 PAZp000037175r2025-07-15 00:00:00v201.25yBB